000 00715nam a2200241Ia 4500
003 OSt
005 20220927112839.0
006 a|||||r|||| 00| 0
007 ta
008 220926b |||||||| |||| 00| 0 eng d
024 _a150141
037 _cReports
040 _aRTL
_cRTL
_beng
041 _2eng
_aeng
082 _a"X9(J:1:2).243.N2s, L5/GD"
110 _a"Punjab, Economic and Stastistical Organisation"
_9384326
245 0 _aFamily budgets of twenty-nine cultivators
260 _c1975
300 _a93 p
_ccm.
700 _a"Punjab, Economic and Stastistical Organisation"
_9384327
942 _h"X9(J:1:2).243.N2s, L5/GD"
_cCC
999 _c700759
_d700759